000 00934nam a22002777a 4500
005 20240530110345.0
008 141203s2007 ua b 000 0 ara d
017 _a10008/2005
_bمصر . دار الكتب المصرية
020 _a9770396060
040 _aEG-CaGPL
041 0 _aara
082 0 4 _221
_a712.5\
_bم أ
100 0 _aمحمد محمد كذلك
245 1 0 _aاسس و قواعد تشجير و تجميل المدن /
_cمحمد محمد كذلك
260 _aالاسكندرية :
_bمنشأة المعارف ،
_c2007
300 _a388 ص ؛
_c24 سم
504 _aببليوجرافية : ص 387 : 388
650 0 4 _aالتشجير
650 0 4 _aالحدائق
_xتنسيق
650 0 4 _aالمشاتل
650 0 4 _aالنباتات الحولية
650 0 4 _aاشجار الفاكهة
653 _aتشجير المدن
942 _2ddc
_cBK
999 _c59958
_d59958